000
00310nam a22001217a 4500
040
_c
HS
082
_a
334 MER 2001 C086
100
_a
CHRISTOPHER D. MERRETT
245
_a
A cooperative approach to local economic development
260
_a
Lodon
_b
CHRISTOPHER D. MERRETT
_c
2001
300
_a
197p;
942
_c
EK
999
_c
11084
_d
11084